000 01125nam0a2200325 i 4500
001 RU\NLR\BIBL_A\010433670
005 20240921205201.0
010 _a978538907468
_98000
021 _aRU
_b2014-38956
_92371
035 _a(NILC)RuMoRGB-007499101
035 _a(NLR Aleph) 010433670
090 _a9861064
_c9861064
100 _a20140722d2014 um y0rusy50 ca
101 1 _arus
_ceng
102 _aRU
105 _ay|||z||||00ay
200 1 _aАнатомия любви
_eроман
_fСкотт Спенсер
_g[пер. с англ. Елены Королевой]
210 _aСанкт-Петербург
_cАзбука
_cАзбука-Аттикус
_d2014
215 _a506, [2] с.
_d21
225 1 _aАзбука бестселлер
333 _a18+
686 1 _aШ6(7США)67-440.4(Лх1979-50)
700 1 _7ca
_8rus
_aСпенсер
_bС.
_f1945-
_gСкотт
_9220496
_3RU\NLR\AUTH\770220552
801 0 _aRU
_bРГБ
_c20140529
_gRCR
801 1 _aRU
_bРГБ
_c20140529
_2rusmarc
942 _cBOOK
980 _aNBR